000 00826nac a22002171u 4500
010 _a 70030835
020 _a0070941513
082 0 0 _a621.381
_bALL
090 _c9661
_d9661
100 _aAllison, John.
245 1 0 _aElectronic engineering materials and devices /
_cJohn Alison.
260 _aNew Delhi,
_aNew York,
_bTata McGraw-Hill, c.1971.
_cc.1971.
300 _axii, 302 p.
_billus.
_c24 cm.
490 0 _aEuropean electrical and electronic engineering series
500 _aDistributer:Al-Ahram.
511 _aCatalogued By: Mahitab.
650 0 _aElectronics
_xMaterials.
650 0 _aSemiconductors.
942 _cBB
_k621.381ALL
999 _c9661
_d9661